Cathay
Uloženo v:
| Hlavní autor: | |
|---|---|
| Médium: | Kniha |
| Jazyk: | španělština |
| Vydáno: |
Barcelona
Tusquets
1980
|
| Vydání: | 2a. ed |
| Edice: | Cuadernos Marginales, 25
|
| Témata: | |
| Tagy: |
Přidat tag
Žádné tagy, Buďte první, kdo vytvoří štítek k tomuto záznamu!
|
MARC
| LEADER | 00000nam a2200000 a 4500 | ||
|---|---|---|---|
| 001 | UCV8271 | ||
| 003 | CL-VaPUC | ||
| 008 | 901211e19800000SP |||||||||||||||||spa|d | ||
| 082 | 0 | 4 | |a 811 |b POU |2 21 |
| 100 | 0 | |a Pound, Ezra |e author |9 302325 | |
| 245 | 1 | 0 | |a Cathay |
| 250 | |a 2a. ed | ||
| 300 | |a 42 p | ||
| 942 | |c BK | ||
| 945 | |d 19901211 00:00:00 | ||
| 260 | |a Barcelona |b Tusquets |c 1980 | ||
| 650 | 7 | |a POESIAS ESTADOUNIDENSES |2 CL-VaPUC |9 302326 | |
| 583 | |a last modification |c 19901211 00:00:00 |k Rodrigo Vera | ||
| 490 | 0 | |a Cuadernos Marginales, 25 | |
| 999 | |c 213812 |d 213810 | ||
| 952 | |0 0 |1 0 |4 0 |6 811_000000000000000_POU_1980 |7 0 |8 A |9 196569 |a BIBARQ |b BIBARQ |d 2019-11-14 |i 2644347 |o 811 POU 1980 |p 2644347 |r 2025-01-20 |w 2019-11-14 |y BK |k ARQ | ||